[Event "1MCR_3DE_1L_3S"]
[Site "?"]
[Date "2005.??.??"]
[Round "3"]
[White "Valak, Alois"]
[Black "Peroutik, Jiri"]
[Result "1-0"]
[WhiteElo "2250"]
[BlackElo "1822"]
[PlyCount "85"]
[EventDate "2005.??.??"]
[EventType "corr"]
[SourceDate "2005.03.20"]

1. e4 e6 2. d4 d5 3. Nc3 Nf6 4. Bg5 Be7 5. e5 Nfd7 6. Bxe7 Qxe7 7. f4 O-O 8.
Nf3 c5 9. Nb5 Nc6 10. c3 f6 11. Bd3 fxe5 12. fxe5 cxd4 13. cxd4 Qb4+ 14. Qd2
Nb6 15. Nd6 Rxf3 16. gxf3 Qxd4 17. f4 Nxe5 18. Be2 Qxd2+ 19. Kxd2 Ng6 20. Rhf1
Bd7 21. Bd3 Bc6 22. f5 exf5 23. Rae1 Rd8 24. Nxf5 Nc4+ 25. Bxc4 dxc4+ 26. Kc3
Rf8 27. Kxc4 b6 28. Nd4 Rxf1 29. Rxf1 Ne5+ 30. Kc3 Bd7 31. Nf5 g6 32. Nd6 Kg7
33. Kd4 Nc6+ 34. Kd5 Ne7+ 35. Ke4 Be6 36. a3 Nc6 37. b4 a6 38. Ne8+ Kh6 39. Rc1
Bh3 40. Kd5 Bg2+ 41. Kd6 Nd4 42. Kc7 b5 43. Kb6 1-0

[Event "1MCR_3DE_1L_2S"]
[Site "?"]
[Date "2005.??.??"]
[Round "2"]
[White "Pravec, Ladislav"]
[Black "Binas, Jindrich"]
[Result "1/2-1/2"]
[WhiteElo "2381"]
[BlackElo "2114"]
[PlyCount "82"]
[EventDate "2005.??.??"]
[EventType "corr"]
[SourceDate "2005.03.20"]

1. d4 Nf6 2. c4 e6 3. Nf3 b6 4. g3 Ba6 5. b3 Bb4+ 6. Bd2 Be7 7. Bg2 d5 8. cxd5
Nxd5 9. Nc3 Nd7 10. Nxd5 exd5 11. O-O O-O 12. Rc1 Re8 13. Re1 c5 14. Be3 Bb7
15. Bh3 cxd4 16. Bxd4 Nf6 17. Rc2 Bb4 18. Rf1 Ba6 19. Bb2 Bc5 20. Nd4 Bc8 21.
Bg2 a5 22. e3 Bg4 23. Ne2 Rc8 24. Qa1 Rxe3 25. Bxf6 Qxf6 26. Qxf6 gxf6 27. Nf4
Re5 28. Nxd5 Kg7 29. h3 Be2 30. Rfc1 Rd8 31. a4 Bh5 32. Rd2 Bb4 33. Rd3 Ba3 34.
Ra1 Bg6 35. Rdd1 Bc5 36. Ra2 Rde8 37. Nf4 Re1+ 38. Rxe1 Rxe1+ 39. Kh2 Rc1 40.
Bd5 Bd6 41. Nxg6 fxg6 1/2-1/2

[Event "1MCR_3DE_1L_1S"]
[Site "?"]
[Date "2005.??.??"]
[Round "1"]
[White "Splichal, Josef"]
[Black "Doudera, Lubomir"]
[Result "1-0"]
[WhiteElo "2279"]
[BlackElo "2179"]
[PlyCount "95"]
[EventDate "2005.??.??"]
[EventType "corr"]
[SourceDate "2005.03.20"]

1. e4 d5 2. exd5 Qxd5 3. Nc3 Qa5 4. d4 Nf6 5. Nf3 Bg4 6. h3 Bh5 7. Bd2 e6 8. g4
Bg6 9. Ne5 Qb6 10. Bg2 c6 11. Qe2 Nbd7 12. O-O-O Qxd4 13. Nxd7 Nxd7 14. f4 Be7
15. f5 exf5 16. Rhe1 Qf6 17. Bf4 Nc5 18. Qd2 O-O 19. g5 Qe6 20. Rxe6 Nxe6 21.
Qf2 Rfd8 22. h4 Rxd1+ 23. Nxd1 f6 24. gxf6 Bxf6 25. Bd2 Bf7 26. Qxf5 Bxh4 27.
Qe4 Bd8 28. Qb4 Rb8 29. Be4 a5 30. Qd6 Bc7 31. Qe7 g6 32. Nf2 Re8 33. Qf6 Bd8
34. Qc3 h5 35. Bg2 Ng5 36. a3 Kh7 37. Qg3 Ne6 38. Ne4 Kg8 39. Qf3 Ng7 40. Nd6
Re7 41. Nxf7 Rxf7 42. Qd3 Be7 43. Qxg6 Rf6 44. Qe4 Re6 45. Qc4 b5 46. Qc3 b4
47. axb4 Bxb4 48. Qc4 1-0

[Event "1MCR_3DE_1L_2S"]
[Site "?"]
[Date "2005.??.??"]
[Round "2"]
[White "Janous, Petr"]
[Black "Binas, Jindrich"]
[Result "1/2-1/2"]
[WhiteElo "2270"]
[BlackElo "2114"]
[PlyCount "70"]
[EventDate "2005.??.??"]
[EventType "corr"]
[SourceDate "2005.03.20"]

1. e4 c5 2. Nf3 d6 3. d4 cxd4 4. Nxd4 Nf6 5. Nc3 a6 6. Be2 e5 7. Nb3 Be7 8. O-O
O-O 9. Be3 Be6 10. Qd2 Nbd7 11. a4 Rc8 12. a5 Qc7 13. Rfc1 Qc6 14. Bf3 Bc4 15.
Qd1 Rfd8 16. Nd2 d5 17. Nxc4 d4 18. b3 dxe3 19. fxe3 Nb6 20. Nd5 Nbxd5 21. exd5
Qc5 22. Qd3 Nxd5 23. Qe4 g6 24. Rd1 b5 25. axb6 Nxb6 26. Be2 Nxc4 27. Bxc4 Kg7
28. Kh1 f5 29. Qb7 e4 30. Qxa6 Qxe3 31. Qe6 Qg5 32. g3 Qf6 33. Qxf6+ Kxf6 34.
c3 Rxd1+ 35. Rxd1 Rd8 1/2-1/2

[Event "1MCR_3DE_1L_3S"]
[Site "?"]
[Date "2005.??.??"]
[Round "3"]
[White "Valak, Alois"]
[Black "Sykora, Josef"]
[Result "1-0"]
[WhiteElo "2250"]
[BlackElo "2394"]
[PlyCount "89"]
[EventDate "2005.??.??"]
[EventType "corr"]
[SourceDate "2005.03.20"]

1. e4 c6 2. d4 d5 3. exd5 cxd5 4. c4 Nf6 5. Nc3 e6 6. Nf3 Be7 7. cxd5 Nxd5 8.
Bd3 Nc6 9. O-O O-O 10. Re1 Nf6 11. a3 b6 12. Bb1 Bb7 13. Qd3 g6 14. Bh6 Re8 15.
Ba2 Bf8 16. Bg5 h6 17. Rxe6 Rxe6 18. Bxe6 fxe6 19. Qxg6+ Bg7 20. Bxh6 Qf8 21.
Re1 Ne7 22. Qxg7+ Qxg7 23. Bxg7 Kxg7 24. Ng5 Nf5 25. Nxe6+ Kh6 26. f3 Re8 27.
Nb5 a6 28. Nbc7 Rc8 29. Re5 Nxd4 30. Nxd4 Rxc7 31. Re6 Kg6 32. Rxb6 Bc8 33. h4
Kf7 34. Rc6 Rxc6 35. Nxc6 Nd5 36. Kf2 Kf6 37. g4 Nf4 38. b4 Bd7 39. Na5 Nd3+
40. Kg3 Ne1 41. Nc4 Nc2 42. f4 Be6 43. Ne5 Nxa3 44. h5 Nc2 45. h6 1-0

[Event "1MCR_3DE_1L_2S"]
[Site "?"]
[Date "2005.??.??"]
[Round "2"]
[White "Struzka, Vlastimil"]
[Black "Binas, Jindrich"]
[Result "0-1"]
[WhiteElo "2216"]
[BlackElo "2114"]
[PlyCount "116"]
[EventDate "2005.??.??"]
[EventType "corr"]
[SourceDate "2005.03.20"]

1. d4 Nf6 2. c4 e6 3. Nc3 Bb4 4. e3 c5 5. Nf3 Nc6 6. Bd3 Bxc3+ 7. bxc3 d6 8.
O-O O-O 9. Bb2 e5 10. Qc2 Re8 11. Ng5 h6 12. Ne4 Nxe4 13. Bxe4 Na5 14. dxc5
Nxc4 15. cxd6 Qxd6 16. Rad1 Qc7 17. Bc1 Be6 18. f4 Bg4 19. Rd5 Rad8 20. f5 f6
21. Rd3 Rxd3 22. Qxd3 Nb6 23. Qb5 Rd8 24. Qb2 Kh7 25. h3 Bh5 26. Qc2 Rd7 27. g4
Bf7 28. Bf3 Qc5 29. Kg2 Nd5 30. Rd1 Rc7 31. Bxd5 Bxd5+ 32. e4 Bc6 33. Re1 Qc4
34. Re3 Bb5 35. Kh2 Rd7 36. Re1 Ba4 37. Qf2 Qxc3 38. Be3 b6 39. h4 Qb4 40. g5
hxg5 41. hxg5 Qxe4 42. Bxb6 Qf4+ 43. Qxf4 exf4 44. Bc5 fxg5 45. Re7 Rxe7 46.
Bxe7 Kh6 47. Bf8 Kh5 48. Bxg7 g4 49. Kg1 g3 50. Bd4 a6 51. f6 Be8 52. Kg2 Kg4
53. a4 f3+ 54. Kg1 a5 55. Bb6 Bf7 56. Bd4 Bc4 57. Bb6 Kg5 58. Bd4 Kf5 0-1

[Event "1MCR_3DE_1L_1S"]
[Site "?"]
[Date "2005.??.??"]
[Round "1"]
[White "Mezera, Lukas"]
[Black "Baciak, Miloslav"]
[Result "1-0"]
[WhiteElo "2266"]
[BlackElo "1895"]
[PlyCount "67"]
[EventDate "2005.??.??"]
[EventType "corr"]
[SourceDate "2005.03.20"]

1. e4 e5 2. Nf3 Bc5 3. Nxe5 Nc6 4. Nxc6 dxc6 5. d3 Nf6 6. Be2 h5 7. c3 Bg4 8.
O-O Qd7 9. d4 Bxe2 10. Qxe2 Be7 11. Nd2 h4 12. Nc4 h3 13. g3 O-O-O 14. Ne5 Qe6
15. f3 Nd7 16. Nxd7 Rxd7 17. b4 Re8 18. a4 f5 19. a5 a6 20. Qa2 Qg6 21. e5 Red8
22. Be3 Rd5 23. Rab1 Qe6 24. Qc2 R5d7 25. f4 Qc4 26. Rf2 g6 27. Rd2 Qd5 28. c4
Qf3 29. Rb3 Bf8 30. Rf2 Qh5 31. b5 axb5 32. cxb5 c5 33. a6 Kb8 34. axb7 1-0

[Event "1MCR_3DE_1L_3S"]
[Site "?"]
[Date "2005.??.??"]
[Round "3"]
[White "Cakl, Zdenek"]
[Black "Schwarz, Jan"]
[Result "1/2-1/2"]
[WhiteElo "2139"]
[BlackElo "2295"]
[PlyCount "79"]
[EventDate "2005.??.??"]
[EventType "corr"]
[SourceDate "2005.03.20"]

1. Nf3 Nf6 2. b3 g6 3. Bb2 Bg7 4. e3 O-O 5. Be2 c5 6. c4 Nc6 7. O-O d5 8. d4
cxd4 9. Nxd4 dxc4 10. Nxc6 bxc6 11. Qxd8 Rxd8 12. Bxc4 h6 13. f3 Nd5 14. Bxg7
Kxg7 15. Rd1 Bb7 16. Kf2 f5 17. Bxd5 cxd5 18. Nc3 Rac8 19. Rac1 Kf6 20. Na4 Bc6
21. Nc5 a5 22. Rd2 Bb5 23. Rdc2 Rb8 24. f4 g5 25. g3 d4 26. Re1 d3 27. Rd2 Rd5
28. Rc1 Rb6 29. a3 Rc6 30. b4 axb4 31. axb4 e5 32. fxe5+ Kxe5 33. Ke1 Rcd6 34.
Ra1 Bc4 35. Ra7 Kf6 36. g4 Kg6 37. Rc7 Bb5 38. Rb7 Bc4 39. Rc7 Bb5 40. Rb7
1/2-1/2

[Event "1MCR_3DE_1L_2S"]
[Site "?"]
[Date "2005.??.??"]
[Round "2"]
[White "Toman, Antonin"]
[Black "Janous, Petr"]
[Result "1-0"]
[WhiteElo "2209"]
[BlackElo "2270"]
[PlyCount "87"]
[EventDate "2005.??.??"]
[EventType "corr"]
[SourceDate "2005.03.20"]

1. e4 c5 2. b3 e5 3. Bb2 Nc6 4. g3 d5 5. exd5 Qxd5 6. Qf3 Qd6 7. Na3 Nf6 8. Bb5
Bd7 9. Nc4 Qc7 10. Qe2 O-O-O 11. Nf3 Re8 12. O-O-O e4 13. Bxc6 Bxc6 14. Nh4 Nd7
15. d3 Nb6 16. Rhe1 Nxc4 17. dxc4 Kb8 18. Nf5 f6 19. Kb1 Ka8 20. Ne3 h5 21. Rd2
h4 22. Nd5 Qc8 23. g4 h3 24. Qe3 Bxd5 25. Rxd5 Be7 26. g5 fxg5 27. Bxg7 Rhg8
28. Be5 g4 29. Bg3 Bf6 30. Rxc5 Qd7 31. Ra5 Qd4 32. Qxd4 Bxd4 33. Rd5 Bc3 34.
Re3 Bf6 35. c3 Rgf8 36. Kc2 Re6 37. b4 a6 38. Re1 Rd8 39. a4 Ka7 40. a5 Ka8 41.
Rf5 Rc8 42. c5 Rg8 43. Rd1 Be7 44. Rf7 1-0

[Event "1MCR_3DE_1L_2S"]
[Site "?"]
[Date "2005.??.??"]
[Round "2"]
[White "Toman, Antonin"]
[Black "Paukert, Martin"]
[Result "1/2-1/2"]
[WhiteElo "2209"]
[BlackElo "2075"]
[PlyCount "73"]
[EventDate "2005.??.??"]
[EventType "corr"]
[SourceDate "2005.03.20"]

1. e4 e5 2. Nf3 Nc6 3. Bb5 a6 4. Ba4 Nf6 5. d4 exd4 6. O-O Be7 7. e5 Ne4 8.
Nxd4 O-O 9. Nf5 d5 10. Bxc6 bxc6 11. Nxe7+ Qxe7 12. Re1 Bf5 13. f3 Nc5 14. b3
Ne6 15. Ba3 c5 16. Nc3 Rfd8 17. Na4 c6 18. Rc1 Qa7 19. Kh1 Rab8 20. f4 Qe7 21.
Qh5 Be4 22. Rf1 Re8 23. c3 Rb5 24. f5 g6 25. fxg6 fxg6 26. Qg4 h5 27. Qe2 Qg5
28. c4 Ra5 29. Bb2 Nf4 30. Rxf4 Qxf4 31. Rf1 Qg5 32. Nc3 Rxe5 33. a4 Bb1 34.
Qd1 Bf5 35. cxd5 Bg4 36. Qc2 Bf5 37. Qd1 1/2-1/2

[Event "1MCR_3DE_1L_2S"]
[Site "?"]
[Date "2005.??.??"]
[Round "2"]
[White "Trcka, Vaclav"]
[Black "Janous, Petr"]
[Result "0-1"]
[WhiteElo "2175"]
[BlackElo "2270"]
[PlyCount "62"]
[EventDate "2005.??.??"]
[EventType "corr"]
[SourceDate "2005.03.20"]

1. d4 Nf6 2. c4 e6 3. Nc3 d5 4. Nf3 Be7 5. Bg5 O-O 6. e3 h6 7. Bh4 Ne4 8. Bxe7
Qxe7 9. Qc2 Nxc3 10. Qxc3 dxc4 11. Bxc4 b6 12. Rd1 Bb7 13. Be2 Rc8 14. O-O Nd7
15. Rfe1 c5 16. a3 Rc7 17. b3 Rac8 18. Rc1 Bd5 19. Red1 cxd4 20. Qxc7 Rxc7 21.
Rxc7 Qd8 22. Rxa7 dxe3 23. fxe3 Nc5 24. Bb5 Qb8 25. Re7 Bxf3 26. Rf1 Qd6 27.
Re8+ Kh7 28. Rxf3 Qd1+ 29. Bf1 Qxb3 30. e4 Qc2 31. h3 f6 0-1

[Event "1MCR_3DE_1L_2S"]
[Site "?"]
[Date "2005.??.??"]
[Round "2"]
[White "Sedlaty, Martin"]
[Black "Paukert, Martin"]
[Result "1/2-1/2"]
[WhiteElo "1800"]
[BlackElo "2074"]
[PlyCount "86"]
[EventDate "2005.??.??"]
[EventType "corr"]
[SourceDate "2005.03.20"]

1. d4 d5 2. c4 dxc4 3. Nf3 a6 4. e3 Nf6 5. Bxc4 e6 6. O-O c5 7. dxc5 Qxd1 8.
Rxd1 Bxc5 9. a3 b5 10. Bd3 Bb7 11. b4 Bb6 12. Nc3 Nc6 13. Bb2 Ke7 14. Ne2 Rhd8
15. h3 h6 16. Rd2 Rac8 17. Rad1 Ne8 18. Nf4 f6 19. Nh4 Nc7 20. Nhg6+ Kf7 21.
Be4 Rxd2 22. Rxd2 Rd8 23. Rxd8 Nxd8 24. Bc2 e5 25. Nh5 Bd5 26. Nh4 Nb7 27. Nf5
Ne8 28. a4 Bc7 29. g4 Nbd6 30. a5 Nxf5 31. gxf5 Nd6 32. Ng3 Ke7 33. Bc3 Bf3 34.
Bb3 Kd7 35. h4 Nc8 36. Be6+ Kd8 37. Bxc8 Kxc8 38. e4 h5 39. Bd2 Kd7 40. Kf1 Ke7
41. Ke1 Bb8 42. Bc3 Kf7 43. Kd2 Ba7 1/2-1/2

[Event "1MCR_3DE_1L_3S"]
[Site "?"]
[Date "2005.??.??"]
[Round "3"]
[White "Glaser, Karel"]
[Black "Motejzik, Jaroslav"]
[Result "1-0"]
[WhiteElo "2039"]
[BlackElo "2000"]
[PlyCount "99"]
[EventDate "2005.??.??"]
[EventType "corr"]
[SourceDate "2005.03.20"]

1. e4 e6 2. d4 d5 3. Nc3 Nf6 4. e5 Nfd7 5. f4 c5 6. Nf3 Nc6 7. Be3 Qb6 8. Na4
Qa5+ 9. c3 cxd4 10. b4 Nxb4 11. cxb4 Bxb4+ 12. Bd2 Bxd2+ 13. Nxd2 g5 14. Rb1
gxf4 15. Bb5 Qc7 16. O-O O-O 17. Bxd7 Bxd7 18. Nf3 Rac8 19. Nb2 Bb5 20. Re1 Qc2
21. Qxc2 Rxc2 22. Nxd4 Rc5 23. Kf2 Ba6 24. Kf3 Rc3+ 25. Kxf4 Ra3 26. Ra1 Rc8
27. Re3 Rxe3 28. Kxe3 f6 29. Kf4 Kf7 30. g4 h5 31. exf6 hxg4 32. Re1 Kxf6 33.
Rxe6+ Kf7 34. Ke5 Rh8 35. Rf6+ Ke7 36. Rg6 Rxh2 37. Rg7+ Ke8 38. Na4 Bd3 39.
Nc5 Rh7 40. Rxg4 Be4 41. Rg8+ Kf7 42. Rb8 Rh5+ 43. Kd6 b6 44. Rb7+ Kf6 45. Nd7+
Kg5 46. Rxa7 Rh6+ 47. Ke5 Rh7 48. a4 Rf7 49. Ra6 Rh7 50. Ne6+ 1-0

[Event "1MCR_3DE_1L_3S"]
[Site "?"]
[Date "2005.??.??"]
[Round "3"]
[White "Bednarik, Radovan"]
[Black "Portych, Vaclav"]
[Result "1/2-1/2"]
[WhiteElo "2201"]
[BlackElo "2024"]
[PlyCount "80"]
[EventDate "2005.??.??"]
[EventType "corr"]
[SourceDate "2005.03.20"]

1. d4 Nf6 2. c4 e6 3. Nf3 b6 4. e3 Bb7 5. Bd3 d5 6. cxd5 Bb4+ 7. Bd2 Nxd5 8. e4
Bxd2+ 9. Qxd2 Nf6 10. Nc3 Nbd7 11. O-O O-O 12. e5 Nd5 13. Be4 Rc8 14. Rac1 c5
15. Rfe1 cxd4 16. Nxd4 Nc5 17. Bxd5 Bxd5 18. Ndb5 Bc6 19. Qe3 Bxb5 20. Nxb5 Qd7
21. Nd6 Rcd8 22. Qa3 a5 23. Red1 f6 24. f4 fxe5 25. fxe5 Rf4 26. Qe3 Rdf8 27.
Rd4 Rxd4 28. Qxd4 Qa4 29. Qxa4 Nxa4 30. b3 Nc5 31. Rd1 Rf4 32. Nc4 a4 33. g3
Rg4 34. Nxb6 axb3 35. axb3 Nxb3 36. Kf2 Re4 37. Nd7 Nd4 38. Rd3 Re2+ 39. Kf1
Re4 40. Rc3 Kf7 1/2-1/2

[Event "1MCR_3DE_1L_2S"]
[Site "?"]
[Date "2005.??.??"]
[Round "2"]
[White "Janous, Petr"]
[Black "Cakl, Miloslav"]
[Result "1-0"]
[WhiteElo "2270"]
[BlackElo "1907"]
[PlyCount "73"]
[EventDate "2005.??.??"]
[EventType "corr"]
[SourceDate "2005.03.20"]

1. e4 c5 2. Nf3 d6 3. d4 cxd4 4. Nxd4 Nf6 5. Nc3 a6 6. Be2 e5 7. Nb3 Be6 8. f4
Nc6 9. f5 Bxb3 10. axb3 d5 11. exd5 Ne7 12. Bg5 Nxf5 13. Bd3 h6 14. Bxf6 Qxf6
15. Rf1 Qh4+ 16. g3 Nxg3 17. hxg3 Qxg3+ 18. Ke2 Qh2+ 19. Rf2 Qh5+ 20. Ke1 Qxd1+
21. Kxd1 Be7 22. Ke2 g6 23. d6 Bxd6 24. Raf1 f5 25. Rg2 g5 26. Bxf5 O-O 27. Ne4
Be7 28. Rh2 Kg7 29. Ng3 g4 30. Rfh1 Bg5 31. Bxg4 Rad8 32. Ne4 Bf4 33. Rg2 Kh8
34. Bf3 Rf7 35. Rhg1 Rfd7 36. Rg6 Rd4 37. Rg7 1-0

[Event "1MCR_3DE_1L_1S"]
[Site "?"]
[Date "2005.??.??"]
[Round "1"]
[White "Bares, Jiri"]
[Black "Alexa, Jaroslav"]
[Result "0-1"]
[WhiteElo "2174"]
[BlackElo "2341"]
[PlyCount "72"]
[EventDate "2005.??.??"]
[EventType "corr"]
[SourceDate "2005.03.20"]

1. d4 Nf6 2. c4 e6 3. Nc3 Bb4 4. Qc2 O-O 5. a3 Bxc3+ 6. Qxc3 b6 7. Bg5 Bb7 8.
f3 h6 9. Bh4 d5 10. cxd5 exd5 11. Bxf6 Qxf6 12. Qxc7 Ba6 13. Qe5 Qg6 14. Qxd5
Nc6 15. e3 Rae8 16. Kf2 Qc2+ 17. Ne2 Re6 18. Rc1 Qd2 19. Rxc6 Bb7 20. e4 Rxc6
21. Qd7 Rb8 22. d5 Rc1 23. g4 Qxb2 24. Qa4 Ra8 25. Qd4 Qa2 26. Qd3 Rb1 27. Bg2
Rxh1 28. Bxh1 a5 29. f4 Ba6 30. Qe3 Bxe2 31. Qxe2 Qxa3 32. Bf3 a4 33. e5 Qc5+
34. Kg3 a3 35. Qa2 Ra4 36. e6 Qg1+ 0-1

[Event "1MCR_3DE_1L_1S"]
[Site "?"]
[Date "2005.??.??"]
[Round "1"]
[White "Vozda, Jindrich"]
[Black "Mezera, Lukas"]
[Result "1/2-1/2"]
[WhiteElo "2494"]
[BlackElo "2266"]
[PlyCount "61"]
[EventDate "2005.??.??"]
[EventType "corr"]
[SourceDate "2005.03.20"]

1. e4 e5 2. Nf3 Nf6 3. Nxe5 d6 4. Nf3 Nxe4 5. d4 d5 6. Bd3 Nc6 7. O-O Be7 8. c4
Nb4 9. Be2 O-O 10. a3 Nc6 11. Nc3 Nxc3 12. bxc3 Bf5 13. Re1 Re8 14. Bf4 dxc4
15. Bxc4 Bd6 16. Rxe8+ Qxe8 17. Bxd6 cxd6 18. Ng5 Bg6 19. h4 Qe7 20. Qg4 h6 21.
Nf3 Qe4 22. Qxe4 Bxe4 23. Nd2 Bg6 24. g4 Re8 25. h5 Bh7 26. Rc1 Kf8 27. f4 Rc8
28. f5 b5 29. Bxb5 Nxd4 30. a4 d5 31. Kf2 1/2-1/2

[Event "1MCR_3DE_1L_1S"]
[Site "?"]
[Date "2005.??.??"]
[Round "1"]
[White "Necesany, Zdenek"]
[Black "Vozda, Jindrich"]
[Result "1/2-1/2"]
[WhiteElo "2215"]
[BlackElo "2494"]
[PlyCount "85"]
[EventDate "2005.??.??"]
[EventType "corr"]
[SourceDate "2005.03.20"]

1. e4 c5 2. Nf3 d6 3. d4 cxd4 4. Nxd4 Nf6 5. Nc3 a6 6. Be3 e5 7. Nf3 Be7 8. Bc4
O-O 9. O-O Be6 10. Bb3 Qc7 11. Qe2 Re8 12. Ng5 Bxb3 13. axb3 Nc6 14. Qc4 Bd8
15. Nf3 b5 16. Qe2 b4 17. Nd5 Nxd5 18. exd5 Ne7 19. Qd3 Qb7 20. Ng5 f5 21. Rfd1
h6 22. Ne6 f4 23. Bc1 Bb6 24. Kf1 a5 25. c3 bxc3 26. bxc3 Qxd5 27. Qxd5 Nxd5
28. Nxg7 Nxc3 29. Rxd6 Red8 30. Nf5 Rxd6 31. Nxd6 Rb8 32. Bd2 Bd4 33. Rxa5 Rxb3
34. Be1 Rb1 35. Nf5 h5 36. f3 Nd1 37. Ke2 Ne3 38. Nxe3 fxe3 39. Ra2 Kf7 40. h4
Ke6 41. g4 e4 42. Ra6+ Kd5 43. Ra5+ 1/2-1/2

[Event "1MCR_3DE_1L_2S"]
[Site "?"]
[Date "2005.??.??"]
[Round "2"]
[White "Trcka, Vaclav"]
[Black "Pravec, Ladislav"]
[Result "1/2-1/2"]
[WhiteElo "2175"]
[BlackElo "2381"]
[PlyCount "61"]
[EventDate "2005.??.??"]
[EventType "corr"]
[SourceDate "2005.03.20"]

1. d4 Nf6 2. c4 g6 3. Nc3 Bg7 4. e4 d6 5. f3 O-O 6. Be3 c5 7. Nge2 b6 8. Qd2
Nc6 9. d5 Ne5 10. Ng3 h5 11. Bg5 a6 12. f4 Ned7 13. Bd3 Rb8 14. O-O b5 15. cxb5
axb5 16. Bxb5 Nh7 17. Bxd7 Qxd7 18. Bh4 Ba6 19. Rf3 Rfe8 20. f5 Qb7 21. fxg6
fxg6 22. Rb1 Qd7 23. h3 e6 24. b3 Rb4 25. dxe6 Rxe6 26. Nd5 Rd4 27. Qa5 Bb7 28.
Rbf1 Bxd5 29. exd5 Re5 30. Bd8 Rexd5 31. Qa8 1/2-1/2

[Event "1MCR_3DE_1L_1S"]
[Site "?"]
[Date "2005.??.??"]
[Round "1"]
[White "Svoboda, Frantisek"]
[Black "Doudera, Lubomir"]
[Result "1-0"]
[WhiteElo "2391"]
[BlackElo "2179"]
[PlyCount "55"]
[EventDate "2005.??.??"]
[EventType "corr"]
[SourceDate "2005.03.20"]

1. c4 Nf6 2. Nc3 e6 3. e4 c5 4. Nf3 Nc6 5. Be2 a6 6. O-O Qc7 7. d4 cxd4 8. Nxd4
Bb4 9. Be3 Bxc3 10. bxc3 Ne5 11. Nb3 Nxc4 12. Bxc4 Qxc4 13. Bd4 Qc6 14. Bxf6
gxf6 15. Qg4 b5 16. Qg7 Rf8 17. Rfe1 Qxc3 18. Rac1 Qe5 19. Rc5 Qf4 20. g3 Qd6
21. Rec1 Ke7 22. Rc7 Qb4 23. e5 fxe5 24. Nc5 h6 25. Qxe5 Qa3 26. Rd1 Rd8 27.
Kg2 Rb8 28. Rd4 1-0

[Event "1MCR_3DE_1L_1S"]
[Site "?"]
[Date "2005.??.??"]
[Round "1"]
[White "Baciak, Miloslav"]
[Black "Svoboda, Frantisek"]
[Result "0-1"]
[WhiteElo "1895"]
[BlackElo "2391"]
[PlyCount "98"]
[EventDate "2005.??.??"]
[EventType "corr"]
[SourceDate "2005.03.20"]

1. e4 e6 2. d4 d5 3. Nc3 Nf6 4. Bg5 dxe4 5. Nxe4 Be7 6. Bxf6 Bxf6 7. Nf3 Nd7 8.
c3 O-O 9. Qc2 e5 10. O-O-O exd4 11. Nxd4 Bxd4 12. Rxd4 Qe7 13. h4 Ne5 14. Ng5
g6 15. Qe2 f6 16. f4 c5 17. Re4 Bf5 18. Re3 Rae8 19. fxe5 fxg5 20. h5 Qe6 21.
Qb5 a6 22. Qxc5 b5 23. b3 gxh5 24. Be2 Bg6 25. Bf3 Rd8 26. Re2 Rd3 27. Bb7 Qd7
28. Bxa6 Qg4 29. Rhe1 Qf4+ 30. Kb2 Rd2+ 31. Ka3 Ra8 32. Qc6 Rdd8 33. Kb2 Be8
34. Qb7 Rd2+ 35. Ka3 Qf8+ 36. b4 Qf7 37. Qxf7+ Bxf7 38. e6 Rxa6+ 39. Kb3 Rxe6
40. Rxe6 Rd6 41. R1e5 Rxe6 42. Rxb5 Rb6+ 43. Ka4 Ra6+ 44. Ra5 Rxa5+ 45. Kxa5 h4
46. Kb6 Bd5 47. a4 Bxg2 48. c4 h3 49. c5 h2 0-1

[Event "1MCR_3DE_1L_3S"]
[Site "?"]
[Date "2005.??.??"]
[Round "3"]
[White "Glaser, Karel"]
[Black "Cakl, Zdenek"]
[Result "1/2-1/2"]
[WhiteElo "2039"]
[BlackElo "2139"]
[PlyCount "99"]
[EventDate "2005.??.??"]
[EventType "corr"]
[SourceDate "2005.03.20"]

1. e4 c5 2. Nf3 Nc6 3. d4 cxd4 4. Nxd4 d6 5. Nc3 Nf6 6. Be3 g6 7. Be2 Bg7 8.
O-O O-O 9. Nb3 Be6 10. f4 Qd7 11. h3 Rac8 12. Qd2 a6 13. Bf3 Qc7 14. Nd5 Bxd5
15. exd5 Nb8 16. Rac1 Nbd7 17. c4 Nc5 18. Nxc5 dxc5 19. b4 b6 20. a3 Rfd8 21.
Qf2 Nd7 22. Bg4 f5 23. Bf3 Qd6 24. Rfe1 cxb4 25. axb4 Qxb4 26. Bd2 Qc5 27. Be3
Qd6 28. Qa2 Nc5 29. Rb1 Rb8 30. Kh2 Bd4 31. g3 Bxe3 32. Rxe3 Rd7 33. Bg2 Rdb7
34. Rbe1 Re8 35. Re5 Rc7 36. Qe2 Kf7 37. Rd1 Kf8 38. Re3 a5 39. Qb2 Qf6 40. Qb5
a4 41. Rde1 Rec8 42. R1e2 h6 43. Re1 Kg8 44. Qb1 Ra7 45. Re6 Nxe6 46. Rxe6 Qxe6
47. dxe6 a3 48. Qxb6 Rcc7 49. Qb8+ Kg7 50. Qe8 1/2-1/2

[Event "1MCR_3DE_1L_2S"]
[Site "?"]
[Date "2005.??.??"]
[Round "2"]
[White "Soucha, Stepan"]
[Black "Klimecky, Tomas"]
[Result "1-0"]
[WhiteElo "2335"]
[BlackElo "1800"]
[PlyCount "47"]
[EventDate "2005.??.??"]
[EventType "corr"]
[SourceDate "2005.03.20"]

1. d4 d5 2. c4 c6 3. Nf3 Nf6 4. Nc3 g6 5. cxd5 cxd5 6. Bf4 Bg7 7. e3 O-O 8. h3
Qb6 9. a3 Bf5 10. Na4 Qa5+ 11. b4 Qd8 12. Nc5 b6 13. Na6 Nxa6 14. Bxa6 Bc8 15.
Bd3 Ne4 16. O-O Bf5 17. Rc1 Rc8 18. Qb3 Qd7 19. Ba6 Rxc1 20. Rxc1 b5 21. Qa2 f6
22. Qe2 Nd6 23. Bxd6 Qxd6 24. Qxb5 1-0

[Event "1MCR_3DE_1L_3S"]
[Site "?"]
[Date "2005.??.??"]
[Round "3"]
[White "Sykora, Josef"]
[Black "Bednarik, Radovan"]
[Result "1-0"]
[WhiteElo "2394"]
[BlackElo "2201"]
[PlyCount "93"]
[EventDate "2005.??.??"]
[EventType "corr"]
[SourceDate "2005.03.20"]

1. c4 c5 2. Nf3 Nc6 3. g3 Nf6 4. Bg2 e5 5. Nc3 Be7 6. O-O O-O 7. d3 d6 8. a3 a6
9. Rb1 Rb8 10. Bg5 Bg4 11. Nd2 Qd7 12. b4 Rfe8 13. Bxf6 Bxf6 14. Nde4 Be7 15.
Nd5 b5 16. Qd2 Rec8 17. e3 Be6 18. Rfc1 Bxd5 19. cxd5 Nd8 20. f4 f5 21. Bh3 Nf7
22. Nf2 g5 23. e4 g4 24. Bg2 Bf6 25. Rf1 Rf8 26. exf5 Qxf5 27. Ne4 exf4 28.
Rxf4 Bd4+ 29. Kh1 Qg6 30. Rbf1 Nh6 31. bxc5 dxc5 32. d6 Nf5 33. Qa2+ Kg7 34.
Qd5 Ne3 35. Rxf8 Rxf8 36. Rxf8 Nxd5 37. d7 Kxf8 38. d8=Q+ Kg7 39. Qxd5 Qf7 40.
Qg5+ Qg6 41. Qf4 Qe6 42. Qc7+ Kh8 43. Qxh7+ Kxh7 44. Ng5+ Kg6 45. Nxe6 Be3 46.
Be4+ Kf6 47. Nc7 1-0

[Event "1MCR_3DE_1L_3S"]
[Site "?"]
[Date "2005.??.??"]
[Round "3"]
[White "Nepustil, Frantisek"]
[Black "Bednarik, Radovan"]
[Result "1-0"]
[WhiteElo "2200"]
[BlackElo "2201"]
[PlyCount "87"]
[EventDate "2005.??.??"]
[EventType "corr"]
[SourceDate "2005.03.20"]

1. e4 d5 2. d4 dxe4 3. Nc3 Nf6 4. f3 exf3 5. Nxf3 Bg4 6. h3 Bh5 7. g4 Bg6 8.
Ne5 e6 9. Bg2 c6 10. h4 Bb4 11. Bg5 Bxc3+ 12. bxc3 Qa5 13. O-O Qxc3 14. Rf3
Qxc2 15. Qxc2 Bxc2 16. Bxf6 gxf6 17. Rxf6 Rf8 18. Rc1 Ke7 19. Rh6 f6 20. Rxc2
fxe5 21. Rxh7+ Rf7 22. Rxf7+ Kxf7 23. Rb2 exd4 24. Rxb7+ Kg8 25. Rc7 Na6 26.
Rxc6 Nb4 27. Rc4 Rb8 28. a3 Nd5 29. Bxd5 exd5 30. Rxd4 Rb3 31. Ra4 a5 32. Kf2
Rb5 33. Ke3 Kf7 34. Kf4 Ke6 35. h5 Rc5 36. g5 Rb5 37. Kg4 Rb1 38. g6 Rg1+ 39.
Kf3 Kf5 40. Rxa5 Kg5 41. Rxd5+ Kh6 42. Rd7 Kxh5 43. g7 Kh6 44. Rd1 1-0

[Event "1MCR_3DE_1L_1S"]
[Site "?"]
[Date "2005.??.??"]
[Round "1"]
[White "Doudera, Lubomir"]
[Black "Mezera, Lukas"]
[Result "0-1"]
[WhiteElo "2179"]
[BlackElo "2266"]
[PlyCount "54"]
[EventDate "2005.??.??"]
[EventType "corr"]
[SourceDate "2005.03.20"]

1. e4 e5 2. Nf3 Nc6 3. Bc4 Bc5 4. c3 Nf6 5. d3 d6 6. O-O O-O 7. Bb3 a6 8. Nbd2
Ba7 9. Nc4 Ne7 10. Bg5 Ng6 11. Nh4 Nf4 12. Nf5 Bxf5 13. exf5 Qd7 14. Ne3 Kh8
15. Re1 Rae8 16. Bxf6 gxf6 17. g3 Qc6 18. gxf4 Rg8+ 19. Kf1 Bxe3 20. Rxe3 Qg2+
21. Ke2 exf4 22. Re4 f3+ 23. Ke3 Qg5+ 24. Kxf3 d5 25. Bxd5 Qxf5+ 26. Ke3 Qxd5
27. Qa4 Rxe4+ 0-1